Kettridge's technical dictionary = Dictionaire technique par kettridge

Gardado en:
Detalles Bibliográficos
Autor Principal: Kettridge, J. O.
Formato: Libro
Idioma:Undetermined
Publicado: London George Reoutledge & Sons
Những chủ đề:
Các nhãn: Engadir etiqueta
Sen Etiquetas, Sexa o primeiro en etiquetar este rexistro!
Thư viện lưu trữ: Trung tâm Học liệu Trường Đại học Cần Thơ
LEADER 00530nam a2200181Ia 4500
001 CTU_104566
008 210402s9999 xx 000 0 und d
082 |a 603 
082 |b K43/Vol.1 
100 |a Kettridge, J. O. 
245 0 |a Kettridge's technical dictionary = 
245 0 |b Dictionaire technique par kettridge 
245 0 |c J. O. Kettridge 
260 |a London 
260 |b George Reoutledge & Sons 
650 |a Technology,Kĩ thuật 
904 |i Hiếu 
980 |a Trung tâm Học liệu Trường Đại học Cần Thơ